[Event "Regionalliga SW 1516 (Women)"]
[Site "Germany"]
[Date "2016.02.28"]
[Round "5.1"]
[White "Lerch, Cornelia"]
[Black "Alt, Elisabeth"]
[Result "1/2-1/2"]
[WhiteElo "1612"]
[BlackElo "1495"]
[PlyCount "97"]
[EventDate "2015.09.27"]
[EventType "team-tourn"]
[EventRounds "5"]
[EventCountry "GER"]
[SourceTitle "EXT 2018"]
[Source "ChessBase"]
[SourceDate "2017.10.13"]
[SourceVersion "1"]
[SourceVersionDate "2017.10.13"]
[SourceQuality "1"]
[WhiteTeam "Landskrone (W)"]
[BlackTeam "Riegelsberg (W)"]
[WhiteTeamCountry "GER"]
[BlackTeamCountry "GER"]

1. e4 Nc6 2. Nf3 e5 3. Bb5 a6 4. Ba4 Bc5 5. 0-0 Nf6 6. d3 d6 7. h3 Be6 8. c3 b5 9. Bc2 d5 10. exd5 Nxd5 11. Re1 Bd6 12. Nbd2 0-0 13. Ne4 Qd7 14. Neg5 Rfe8 15. Nxe6 Rxe6 16. Bb3 Nce7 17. c4 Nf4 18. Bxf4 exf4 19. Rxe6 fxe6 20. Qe2 Bc5 21. cxb5 Qxb5 22. Bxe6+ Kh8 23. Bc4 Qd7 24. Ng5 Nd5 25. Re1 c6 26. Qh5 g6 27. Qe2 Bd4 28. Qd2 Rb8 29. Bxd5 Qxd5 30. Qxf4 Bxf2+ 31. Qxf2 Qxg5 32. Qd4+ Kg8 33. Qc4+ Qd5 34. Qxa6 Qd4+ 35. Kh1 Qxb2 36. Qc4+ Kf8 37. Rf1+ Ke7 38. Rf7+ Kd6 39. Qf4+ Kc5 40. Rd7 Rb4 41. Qd6+ Kb6 42. Qc7+ Kc5 43. d4+ Rxd4 44. Qa7+ Kc4 45. Qa4+ Kc5 46. Qa5+ Kc4 47. Qa4+ Kc5 48. Qa5+ Kc4 49. Qa4+ 1/2-1/2

[Event "Regionalliga SW 1516 (Women)"]
[Site "Germany"]
[Date "2015.12.06"]
[Round "2.2"]
[White "Staudacher, Ana"]
[Black "Alt, Elisabeth"]
[Result "1/2-1/2"]
[WhiteElo "1645"]
[BlackElo "1495"]
[PlyCount "29"]
[EventDate "2015.09.27"]
[EventType "team-tourn"]
[EventRounds "5"]
[EventCountry "GER"]
[SourceTitle "EXT 2018"]
[Source "ChessBase"]
[SourceDate "2017.10.13"]
[SourceVersion "1"]
[SourceVersionDate "2017.10.13"]
[SourceQuality "1"]
[WhiteTeam "Bayern Muenchen (W) II"]
[BlackTeam "Riegelsberg (W)"]
[WhiteTeamCountry "GER"]
[BlackTeamCountry "GER"]

1. d4 d5 2. Nf3 Nc6 3. Bf4 Bg4 4. Nbd2 Nf6 5. h3 Bh5 6. e3 e6 7. Be2 Bg6 8. c3 Be7 9. 0-0 0-0 10. a4 Bd6 11. Ne5 Bxe5 12. dxe5 Nd7 13. Nf3 Be4 14. Nd2 Bg6 15. Nf3 1/2-1/2

[Event "GER-ch U18 Girls"]
[Site "Oberhof"]
[Date "2012.05.27"]
[Round "2"]
[White "Mehling, Franziska"]
[Black "Alt, Elisabeth"]
[Result "1-0"]
[WhiteElo "1691"]
[BlackElo "1554"]
[PlyCount "81"]
[EventDate "2012.05.27"]
[EventType "swiss"]
[EventRounds "9"]
[EventCountry "GER"]
[SourceTitle "CBM 148 Extra"]
[Source "ChessBase"]
[SourceDate "2012.06.22"]
[SourceVersion "1"]
[SourceVersionDate "2012.06.22"]
[SourceQuality "1"]

1. d4 d5 2. c4 Nc6 3. Nc3 Nf6 4. cxd5 Nxd5 5. e4 Nxc3 6. bxc3 e5 7. d5 Nb8 8. Rb1 c6 9. c4 Bd6 10. Nf3 0-0 11. Be3 f5 12. exf5 Rxf5 13. Bd3 Rf8 14. Ng5 g6 15. Qc2 Bf5 16. Rxb7 cxd5 17. Bxf5 Rxf5 18. Ne6 Qc8 19. Rg7+ Kh8 20. Qb2 dxc4 21. Qb7 Qxb7 22. Rxb7 Nc6 23. Ng5 Be7 24. Ne6 c3 25. Rc7 Nd8 26. Rxe7 Nxe6 27. Rxe6 Rb8 28. 0-0 Rc8 29. Rc1 Rf7 30. Rd6 Rb7 31. Kf1 Rb2 32. Rd3 c2 33. Ke2 Rb1 34. Kd2 Rb2 35. Rc3 Rxc3 36. Kxc3 Rxa2 37. Rxc2 Rxc2+ 38. Kxc2 a6 39. Kd3 Kg7 40. Ke4 Kf6 41. Bb6 1-0

[Event "Saarland-ch B 87th"]
[Site "Voelklingen"]
[Date "2012.04.02"]
[Round "4"]
[White "Alt, Elisabeth"]
[Black "Conrad, Egon"]
[Result "1/2-1/2"]
[WhiteElo "1407"]
[BlackElo "1589"]
[PlyCount "33"]
[EventDate "2012.03.30"]
[EventType "swiss"]
[EventRounds "6"]
[EventCountry "GER"]
[SourceTitle "EXT 2013"]
[Source "ChessBase"]
[SourceDate "2012.11.22"]
[SourceVersion "1"]
[SourceVersionDate "2012.11.22"]
[SourceQuality "1"]

1. e4 d5 2. exd5 Qxd5 3. Nf3 Nf6 4. d4 Bg4 5. Be2 c6 6. c4 Qd8 7. 0-0 e6 8. Nc3 Be7 9. Bf4 0-0 10. Re1 Re8 11. Qd2 Nbd7 12. Rad1 Nf8 13. h3 Bh5 14. d5 exd5 15. cxd5 cxd5 16. Nxd5 Nxd5 17. Qxd5 1/2-1/2

[Event "Saarland-ch B 87th"]
[Site "Voelklingen"]
[Date "2012.03.30"]
[Round "1"]
[White "Alt, Elisabeth"]
[Black "Ramm, Madlen"]
[Result "1-0"]
[WhiteElo "1407"]
[BlackElo "1551"]
[PlyCount "81"]
[EventDate "2012.03.30"]
[EventType "swiss"]
[EventRounds "6"]
[EventCountry "GER"]
[SourceTitle "EXT 2013"]
[Source "ChessBase"]
[SourceDate "2012.11.22"]
[SourceVersion "1"]
[SourceVersionDate "2012.11.22"]
[SourceQuality "1"]

1. e4 d5 2. exd5 Qxd5 3. Nc3 Qd6 4. Bc4 Nf6 5. d4 a6 6. Nf3 Bg4 7. Be2 e6 8. 0-0 Nc6 9. Be3 0-0-0 10. Ng5 Bxe2 11. Nxe2 Qd7 12. c3 h6 13. Nf3 Bd6 14. Nc1 g5 15. Nd3 Qe8 16. Qc2 Nd7 17. a4 g4 18. Nd2 h5 19. b4 Qe7 20. Ne4 Rdg8 21. Nxd6+ Qxd6 22. b5 Ncb8 23. Bf4 Qd5 24. Ne5 Nxe5 25. Bxe5 Rh6 26. Qd2 Rhg6 27. Qf4 Qd7 28. b6 Nc6 29. Bxc7 f6 30. Rfd1 Ne7 31. c4 Qc6 32. Qd6 Qxd6 33. Bxd6 Nc6 34. d5 Nd8 35. Bc7 exd5 36. Rxd5 Nc6 37. Rxh5 Re8 38. Kf1 Re4 39. Rd1 Nd4 40. Rh8+ Kd7 41. Rd8+ 1-0

[Event "GER-chT U20 Girls"]
[Site "Osnabrueck"]
[Date "2011.12.30"]
[Round "7.3"]
[White "Alt, Elisabeth"]
[Black "Goldhausen, Nina"]
[Result "1-0"]
[WhiteElo "1368"]
[BlackElo "925"]
[PlyCount "49"]
[EventDate "2011.12.27"]
[EventType "team-swiss"]
[EventRounds "7"]
[EventCountry "GER"]
[SourceTitle "CBM 146 Extra"]
[Source "ChessBase"]
[SourceDate "2012.02.29"]
[SourceVersion "1"]
[SourceVersionDate "2012.02.29"]
[SourceQuality "1"]
[WhiteTeam "Heusweiler SC Reti (W)"]
[BlackTeam "Hattersheim (W)"]
[WhiteTeamCountry "GER"]
[BlackTeamCountry "GER"]

1. e4 e5 2. Nf3 Nc6 3. d4 exd4 4. Nxd4 Nf6 5. Nxc6 bxc6 6. e5 Nd5 7. c4 Nb6 8. Bd3 d5 9. exd6 cxd6 10. 0-0 Be7 11. b3 0-0 12. Bb2 h6 13. Re1 Re8 14. Nd2 Bd7 15. Nf1 d5 16. cxd5 cxd5 17. Ng3 Bc6 18. Nf5 f6 19. Qg4 Bf8 20. Nxh6+ Kh8 21. Nf7+ Kg8 22. Nxd8 Raxd8 23. Qg6 Rc8 24. Qh7+ Kf7 25. Bg6# 1-0

[Event "GER-chB U25"]
[Site "Oberhof"]
[Date "2011.06.12"]
[Round "2"]
[White "Hoppe, Michael"]
[Black "Alt, Elisabeth"]
[Result "0-1"]
[WhiteElo "1098"]
[BlackElo "1402"]
[PlyCount "48"]
[EventDate "2011.06.11"]
[EventType "swiss"]
[EventRounds "9"]
[EventCountry "GER"]
[SourceTitle "CBM 142 Extra"]
[Source "ChessBase"]
[SourceDate "2011.06.27"]
[SourceVersion "1"]
[SourceVersionDate "2011.06.27"]
[SourceQuality "1"]

1. d4 d5 2. Bf4 Nf6 3. f3 e6 4. Nc3 c5 5. Nb5 Qa5+ 6. Nc3 Qb4 7. Rb1 cxd4 8. a3 Qc5 9. Na2 Nc6 10. Nc1 Qb6 11. Nb3 Be7 12. Qd3 e5 13. Bg5 e4 14. Qd2 0-0 15. h4 e3 16. Qd3 Qc7 17. g4 h6 18. Bxf6 Bxf6 19. g5 Qg3+ 20. Kd1 Ne5 21. Qb5 hxg5 22. hxg5 Bxg5 23. Nxd4 Bh4 24. Qb4 Nc4 0-1

[Event "GER-ch U25"]
[Site "Oberhof"]
[Date "2010.05.25"]
[Round "5"]
[White "Alt, Elisabeth"]
[Black "Mehling, Franziska"]
[Result "1/2-1/2"]
[WhiteElo "1362"]
[BlackElo "1477"]
[PlyCount "62"]
[EventDate "2010.05.22"]
[EventType "swiss"]
[EventRounds "9"]
[EventCountry "GER"]
[SourceTitle "CBM 136 Extra"]
[Source "ChessBase"]
[SourceDate "2010.07.02"]
[SourceVersion "2"]
[SourceVersionDate "2010.07.15"]
[SourceQuality "1"]

1. e4 c5 2. d4 cxd4 3. c3 Nf6 4. e5 Nd5 5. cxd4 Nc6 6. Nf3 d6 7. Bc4 Nb6 8. Bb3 dxe5 9. dxe5 Qxd1+ 10. Bxd1 Bg4 11. Bf4 e6 12. 0-0 Nd5 13. Bg3 Be7 14. Nbd2 0-0 15. Rc1 Rfd8 16. h3 Bh5 17. Ne4 Ndb4 18. Nc3 Rab8 19. Be2 Bxf3 20. Bxf3 Nd3 21. Rc2 Ncxe5 22. Be2 Nb4 23. Rcc1 Nbc6 24. Bb5 Rbc8 25. Rfd1 Rxd1+ 26. Rxd1 Rd8 27. Rc1 Rd2 28. Na4 h6 29. Bxe5 Nxe5 30. Rc7 a6 31. Bxa6 bxa6 1/2-1/2

[Event "GER-ch U25"]
[Site "Oberhof"]
[Date "2010.05.25"]
[Round "4"]
[White "Bauch, Florian"]
[Black "Alt, Elisabeth"]
[Result "0-1"]
[WhiteElo "1251"]
[BlackElo "1362"]
[PlyCount "50"]
[EventDate "2010.05.22"]
[EventType "swiss"]
[EventRounds "9"]
[EventCountry "GER"]
[SourceTitle "CBM 136 Extra"]
[Source "ChessBase"]
[SourceDate "2010.07.02"]
[SourceVersion "2"]
[SourceVersionDate "2010.07.15"]
[SourceQuality "1"]

1. d4 d5 2. c4 Nc6 3. Nf3 Bg4 4. h3 Bxf3 5. exf3 e6 6. cxd5 Qxd5 7. Be3 0-0-0 8. Nc3 Bb4 9. Ke2 Nxd4+ 10. Bxd4 Qxd4 11. Qxd4 Rxd4 12. Nb5 Rd2+ 13. Ke3 a6 14. a3 Rxb2 15. axb4 axb5 16. Bxb5 Kb8 17. Rhb1 Rxb1 18. Rxb1 Nf6 19. Kf4 Nd5+ 20. Ke5 Nc3 21. Rc1 Nxb5 22. f4 Rd8 23. Rc2 Rd5+ 24. Ke4 Nd6+ 25. Ke3 Nf5+ 0-1

[Event "Saarland-ch C 85th"]
[Site "Homburg"]
[Date "2010.03.31"]
[Round "6"]
[White "Alt, Elisabeth"]
[Black "Dickmann, Christopher"]
[Result "0-1"]
[WhiteElo "1311"]
[BlackElo "1302"]
[PlyCount "90"]
[EventDate "2010.03.28"]
[EventType "swiss"]
[EventRounds "9"]
[EventCountry "GER"]
[SourceTitle "EXT 2011"]
[Source "ChessBase"]
[SourceDate "2010.11.26"]
[SourceVersion "1"]
[SourceVersionDate "2010.11.26"]
[SourceQuality "1"]

1. e4 e5 2. Nf3 Nc6 3. d4 exd4 4. Nxd4 d6 5. Bb5 Bd7 6. Nc3 Nf6 7. 0-0 Be7 8. Bf4 0-0 9. Nxc6 bxc6 10. Bd3 Rb8 11. b3 Qc8 12. Re1 Re8 13. Ne2 d5 14. Ng3 Bb4 15. Bd2 Bxd2 16. Qxd2 dxe4 17. Nxe4 Nxe4 18. Bxe4 Rd8 19. Qe3 Qa6 20. Bd3 Qb6 21. Qe4 g6 22. Qe7 Qa5 23. Bc4 Qf5 24. Bd3 Qa5 25. Re5 Qc3 26. Rae1 Re8 27. Qf6 Qxe1+ 28. Rxe1 Rxe1+ 29. Bf1 Rbe8 30. Qf3 Ra1 31. Qd3 Ree1 32. f4 Rxf1+ 33. Qxf1 Rxf1+ 34. Kxf1 Bf5 35. c3 Kf8 36. Kf2 Ke7 37. Ke3 Kd6 38. b4 Kd5 39. h3 Kc4 40. Kd2 h5 41. h4 c5 42. bxc5 Kxc5 43. Kc1 Kd5 44. Kd2 Ke4 45. g3 Kf3 0-1

[Event "Saarland-ch C 85th"]
[Site "Homburg"]
[Date "2010.03.28"]
[Round "3"]
[White "Alt, Elisabeth"]
[Black "Ziegler, Karl Heinz"]
[Result "1/2-1/2"]
[WhiteElo "1311"]
[BlackElo "1419"]
[PlyCount "28"]
[EventDate "2010.03.28"]
[EventType "swiss"]
[EventRounds "9"]
[EventCountry "GER"]
[SourceTitle "EXT 2011"]
[Source "ChessBase"]
[SourceDate "2010.11.26"]
[SourceVersion "1"]
[SourceVersionDate "2010.11.26"]
[SourceQuality "1"]

1. e4 e6 2. f4 d5 3. e5 c5 4. c3 Nc6 5. Na3 Nge7 6. Nc2 Nf5 7. Nf3 Be7 8. g3 d4 9. d3 b6 10. Bg2 Bb7 11. 0-0 Rb8 12. Qe2 h6 13. Bd2 Ba6 14. Nfe1 Bb7 1/2-1/2

[Event "GER-ch U25 op"]
[Site "Willingen"]
[Date "2009.05.31"]
[Round "2"]
[White "Alt, Elisabeth"]
[Black "Valet, Alexander"]
[Result "0-1"]
[WhiteElo "1257"]
[BlackElo "1550"]
[PlyCount "88"]
[EventDate "2009.05.30"]
[EventType "swiss"]
[EventRounds "9"]
[EventCountry "GER"]
[SourceTitle "EXT 2010"]
[Source "ChessBase"]
[SourceDate "2010.11.25"]
[SourceVersion "1"]
[SourceVersionDate "2010.11.25"]
[SourceQuality "1"]

1. e4 d5 2. exd5 Qxd5 3. Nc3 Qa5 4. d4 c6 5. Nf3 Bf5 6. Be2 e6 7. 0-0 Nf6 8. Bf4 Qd8 9. Rc1 Bd6 10. Qd2 Qc7 11. Bxd6 Qxd6 12. Rfe1 Nbd7 13. h3 h6 14. Nh4 Bh7 15. Bd3 Bxd3 16. Qxd3 0-0-0 17. Nf3 g5 18. Ne5 Nxe5 19. dxe5 Qxd3 20. cxd3 Nd5 21. Nb5 Nb4 22. Nd6+ Rxd6 23. exd6 Nxd3 24. d7+ Kc7 25. Red1 Nxc1 26. Rxc1 Rd8 27. f3 Rxd7 28. Rc2 Rd5 29. Rf2 Kd6 30. f4 Rf5 31. Rd2+ Ke7 32. fxg5 Rxg5 33. g4 h5 34. Rg2 hxg4 35. hxg4 f5 36. gxf5 Rxg2+ 37. Kxg2 exf5 38. Kf3 Ke6 39. Kf4 c5 40. b3 b5 41. a3 a5 42. Kf3 Ke5 43. Ke3 c4 44. bxc4 bxc4 0-1

[Event "GER-ch U25 op"]
[Site "Willingen"]
[Date "2009.05.30"]
[Round "1"]
[White "Ehlers, Michael2222"]
[Black "Alt, Elisabeth"]
[Result "1-0"]
[WhiteElo "1993"]
[BlackElo "1257"]
[PlyCount "75"]
[EventDate "2009.05.30"]
[EventType "swiss"]
[EventRounds "9"]
[EventCountry "GER"]
[SourceTitle "EXT 2010"]
[Source "ChessBase"]
[SourceDate "2010.11.25"]
[SourceVersion "1"]
[SourceVersionDate "2010.11.25"]
[SourceQuality "1"]

1. e4 c5 2. Nf3 e6 3. d4 cxd4 4. Nxd4 Nf6 5. f3 Be7 6. Nb5 0-0 7. Bf4 Na6 8. Nd6 Qb6 9. Nc4 Qd8 10. Bd6 b6 11. Nc3 Nc7 12. Be2 Bb7 13. 0-0 Rc8 14. Qd2 Nce8 15. Nb5 a6 16. Bxe7 Qxe7 17. Nbd6 Nxd6 18. Nxd6 Rc7 19. Nxb7 Rxb7 20. Bxa6 Rc7 21. Bd3 Rfc8 22. a4 d5 23. b4 Rd8 24. Qe1 dxe4 25. fxe4 Ng4 26. Qg3 h5 27. h3 Nf6 28. Qe1 Qd6 29. Kh1 Nd7 30. a5 bxa5 31. bxa5 Ra7 32. Qf2 Qc7 33. Qxf7+ Kh8 34. Qxh5+ Kg8 35. e5 Nf8 36. a6 Rc8 37. Rf3 Qe7 38. Raf1 1-0

[Event "Saarland-ch C"]
[Site "Schiffweiler"]
[Date "2009.04.05"]
[Round "3"]
[White "Weiland, Gerd"]
[Black "Alt, Elisabeth"]
[Result "0-1"]
[WhiteElo "960"]
[BlackElo "1317"]
[PlyCount "85"]
[EventDate "2009.04.03"]
[EventType "swiss"]
[EventRounds "9"]
[EventCountry "GER"]
[SourceTitle "EXT 2012"]
[Source "ChessBase"]
[SourceDate "2011.11.24"]
[SourceVersion "1"]
[SourceVersionDate "2011.11.24"]
[SourceQuality "1"]

1. e4 c5 2. Nc3 d6 3. Nf3 e6 4. d4 cxd4 5. Nxd4 Nf6 6. Bc4 a6 7. Nf3 Nc6 8. h3 Be7 9. Be3 0-0 10. Qd2 b5 11. Be2 Bb7 12. Ng5 d5 13. Rd1 Bb4 14. a3 Bxc3 15. Qxc3 h6 16. e5 hxg5 17. exf6 Qxf6 18. Qxf6 gxf6 19. h4 d4 20. Bxd4 Nxd4 21. Rxd4 Rfd8 22. Rxd8+ Rxd8 23. hxg5 fxg5 24. Bd3 Kf8 25. Rh8+ Ke7 26. Rh7 Bxg2 27. Bg6 Rf8 28. Bh5 Be4 29. c3 Bxh7 30. Be2 Rd8 31. c4 bxc4 32. Bxc4 a5 33. Ke2 Rd4 34. Bb5 Kd6 35. b3 Bc2 36. Ba4 e5 37. Kf1 e4 38. Kg2 Rd3 39. Bb5 Rxb3 40. a4 Kc5 41. Be8 f6 42. Bg6 Rc3 43. Bh5 0-1

[Event "GER-ch U25 op"]
[Site "Willingen"]
[Date "2008.05.15"]
[Round "7"]
[White "Alt, Elisabeth"]
[Black "Gerntke, Oliver"]
[Result "0-1"]
[WhiteElo "1275"]
[BlackElo "1796"]
[PlyCount "66"]
[EventDate "2008.05.11"]
[EventType "swiss"]
[EventRounds "9"]
[EventCountry "GER"]
[SourceTitle "CBM 124 Extra"]
[Source "ChessBase"]
[SourceDate "2008.07.03"]
[SourceVersion "1"]
[SourceVersionDate "2008.07.03"]
[SourceQuality "1"]

1. e4 c5 2. d4 cxd4 3. c3 dxc3 4. Nxc3 Nc6 5. Nf3 a6 6. a3 b5 7. Bd3 g6 8. Be3 Bg7 9. 0-0 Bb7 10. Qd2 e6 11. Rac1 Nge7 12. Rfd1 Ne5 13. Nxe5 Bxe5 14. h4 d5 15. exd5 Nxd5 16. Nxd5 Bxd5 17. g3 0-0 18. Bh6 Bg7 19. Kf1 Bf3 20. Bxg7 Kxg7 21. Qc3+ Qf6 22. Qxf6+ Kxf6 23. Re1 Rac8 24. b4 Rfd8 25. Rxc8 Rxc8 26. Be4 Bxe4 27. Rxe4 Rc3 28. Rf4+ Ke7 29. a4 bxa4 30. Rd4 a3 31. Rd1 Rc2 32. Ra1 a2 33. Rd1 Rb2 0-1